Psychopharmacology recent advances and future prospects (Record no. 2971)
[ view plain ]
| 000 -LEADER | |
|---|---|
| fixed length control field | 00397nam a22001457a 4500 |
| 008 - FIXED-LENGTH DATA ELEMENTS--GENERAL INFORMATION | |
| fixed length control field | 250414b |||||||| |||| 00| 0 eng d |
| 020 ## - INTERNATIONAL STANDARD BOOK NUMBER | |
| ISBN | 0192614789 |
| 100 ## - MAIN ENTRY--AUTHOR | |
| Author | Iversen Susan D. |
| 245 ## - TITLE STATEMENT | |
| Title | Psychopharmacology recent advances and future prospects |
| 260 ## - PUBLICATION, DISTRIBUTION, ETC. (IMPRINT) | |
| Place of publication | Oxford |
| Name of publisher | Oxford University press |
| Date of publication | 1985 |
| 300 ## - COLLATION | |
| Pagination | ix,332p |
| 650 ## - TRACINGS | |
| Main Subject | Psychopharmacoly |
| 942 ## - ADDED ENTRY ELEMENTS (KOHA) | |
| Item type | Books |
| 050 ## - LIBRARY OF CONGRESS CALL NUMBER | |
| Classification number | RC483 |
| Item number | .P77 |
| Source of classification or shelving scheme | Not for loan | Permanent location | Current location | Date acquired | Accession No. | Full call number | Barcode. | Koha item type |
|---|---|---|---|---|---|---|---|---|
| Library of Congress Classification | Medical Library | Medical Library | 04/14/2025 | 2024/63024 | RC483.P77 | 2025-1333 | Books |